عرض عادي
عرض مارك
- Malicka, Aleksandra
دخول Personal Name
001 - CONTROL NUMBER
- control field: 19667
003 - CONTROL NUMBER IDENTIFIER
- control field: AE-AdECS
005 - DATE AND TIME OF LATEST TRANSACTION
- control field: 20250902135820.0
008 - FIXED-LENGTH DATA ELEMENTS
- fixed length control field: 250902|| aca||aabn | a|a d
040 ## - CATALOGING SOURCE
- Original cataloging agency: AE-AdECS
- Transcribing agency: AE-AdECS
100 ## - HEADING--PERSONAL NAME
- Personal name: Malicka, Aleksandra
670 ## - SOURCE DATA FOUND
- Source citation: Work cat.: (AE-AdECS)292003: Sasayama, Shoko. 19663, Second Language Cognitive Task Complexity :
